Dans quel sons Djadja & Dinaz ont dit... ? - Statistiques

Statistiques générales
  • Ce quiz a été pris 661 fois
  • Le résultat moyen est 5 sur 20
Statistiques - réponses
Phrase Musique % Correct
Chez moi tous les chemins mènent au shtar, tu veux que j'fasse quoi, à part brûler l'cellophane? J'fais mes affaires
82%
Elle est jolie, de bonne humeur j'vais l'accoster, j'lui place deux-trois phrases et on s'appelle ma beauté. Bénéfice max
54%
Rien qu'tu parles mais toi, tu sais pas c'que j'traverse, six heures du mat', j'marche de travers. Perdu
38%
Ça fait "clic clic pow", faut pas paniquer, j'reviens du bled, la baraque au daron s'ra nickel. Possédé
35%
Et j'ai qu'une envie, c'est d'me barrer, comme ça, y'a personne au moment où j'vais serrer. Drôle de mentalité
34%
J'ai mon avenir dans les mains mais j'baisse toujours la tête devant mon grand frère, les p'tits frères m'voient comme un exemple, j't'avoue des fois, ça m'fait peur. Un million par mois
30%
J'peux tout quitter, mais j'fais pas le précipité, j'te dis la vérité, on est piqués donc c'est compliqué. Bomba
28%
Alors il pète un plomb, il va charger le pe-pom, il leur dit c'est moi le patron, et les grands il baissent d'un ton. Maman ne dort pas
27%
En bas d'chez moi, ça pue la beuh, viens on s'taille à deux J'souris
24%
Et elle, elle fait plus la belle bizarrement, elle sait qu'j'suis casé mais elle dit qu'j'suis charmant. BB
23%
Tu vois qu'le bon côté, faut prendre les choses dans l'fond, des fois, j'touche le fond. Booska 77
23%
J'sors d'en bas, mon bébé, t'as capté les bails? J'fais souvent le méchant mais dans mon cœur, y'a des failles. Mon temps
22%
Au bitume j'suis collé, j'ai du mal à m'envoler, j'sais très bien que du jour au lendemain j'peux remettre les gants et r'aller voler. On reconnaît
20%
On s'en bat les c*uilles d'savoir qui t'es, gros, ramène d'la qualité, on va t'valider. Souviens-toi
20%
L'argent sale qui m'appelle, j'fais partie de ces zonards, qu'ont des soucis ma belle. Répondeur
19%
Avec le temps, y'a des potes c'est des putes, j'me dois de garder ma réput', avec le temps, y'a des potes c'est des putes, j'aurai préférer le savoir dès le début. Booska Patience
18%
Écoutes mec, chez moi ça vend d'la drogue à toute heure, il t'a fait un coup de p*te, taillade-le au cutter. Tenue de motard 4
17%
La rue, j'la connais, elle fait partie d'ma vie, la rue, c'est devenu un membre d'la famille. La cage et la clef
13%
J'vais t'le dire gentiment, j'ai même pas envie d'énerver, faut pas m'prendre par les sentiments, ils sont d'jà réservés. Loup
13%
Tu liquide toi de la douce ou de la dur, t'inquiète pas c'est de la pure de chez pure, ça y est t'as purgé ta peine et tu te crois dur de chez dur. Booska Tenue De Motard 3
5%
Aucun quiz correspondant
Distribution des résultats
% des personnes avec chaque résultat
Percentile par nombre de réponses
Votre historique - résultats
Vous n’avez pas pris ce quiz